[Event "Arab Clubs-chT"]
[Site "Marrakesh"]
[Date "2014.05.26"]
[Round "4"]
[White "Marwan, Abdulwahab"]
[Black "Shehab, Ibrahim A"]
[Result "1-0"]
[WhiteElo "2049"]
[BlackElo "2042"]
[PlyCount "67"]
[EventDate "2014.05.24"]
[EventType "team-swiss"]
[EventRounds "9"]
[EventCountry "MAR"]
[SourceTitle "EXT 2018"]
[Source "ChessBase"]
[SourceDate "2017.10.13"]
[SourceVersion "1"]
[SourceVersionDate "2017.10.13"]
[SourceQuality "1"]
[WhiteTeam "Abu Dhabi"]
[BlackTeam "Kuwait Mind Sports"]
[WhiteTeamCountry "UAE"]
[BlackTeamCountry "KUW"]

1. e4 c5 2. Nc3 e6 3. g3 a6 4. Bg2 d6 5. Nge2 Nf6 6. 0-0 Be7 7. d4 cxd4 8. Nxd4 0-0 9. Kh1 Qc7 10. f4 Nc6 11. Be3 Rd8 12. Qe2 Bd7 13. h3 b5 14. Qf2 Rab8 15. e5 Ne8 16. f5 Nxe5 17. fxe6 Bxe6 18. Nxe6 fxe6 19. Ba7 Rb7 20. Nd5 Qd7 21. Nxe7+ Qxe7 22. Bxb7 Qxb7+ 23. Kh2 Nf6 24. Qb6 Qd7 25. a4 Nc6 26. axb5 Nxa7 27. bxa6 Nd5 28. Qf2 h6 29. Ra3 Rb8 30. Rf3 Nf6 31. Rxf6 gxf6 32. Qxf6 Qe8 33. Rf4 Rb5 34. Qxh6 1-0

[Event "Asian Continental op 13th"]
[Site "Sharjah"]
[Date "2014.04.19"]
[Round "3"]
[White "Rayes, Abdul Kader"]
[Black "Shehab, Ibrahim A"]
[Result "1-0"]
[WhiteElo "2248"]
[BlackElo "2082"]
[PlyCount "67"]
[EventDate "2014.04.17"]
[EventType "swiss"]
[EventRounds "9"]
[EventCountry "UAE"]
[SourceTitle "CBM 160"]
[Source "ChessBase"]
[SourceDate "2014.05.15"]
[SourceVersion "1"]
[SourceVersionDate "2014.05.15"]
[SourceQuality "1"]

1. d4 d5 2. Nf3 c6 3. c4 Nf6 4. Nc3 e6 5. g3 Nbd7 6. Bg2 Bd6 7. 0-0 0-0 8. Nd2 dxc4 9. Nxc4 Bc7 10. b3 Nd5 11. Bb2 b5 12. Nd2 f5 13. Rc1 Rb8 14. e4 Nb4 15. Qe2 Bb6 16. a3 Na6 17. Nf3 Nf6 18. Ne5 Qe8 19. exf5 Bb7 20. fxe6 Qxe6 21. Nxc6 Qxe2 22. Nxe2 Rbe8 23. Nf4 Bc8 24. Rfe1 Bc7 25. Ne7+ Kh8 26. Nxc8 Rxe1+ 27. Rxe1 Bxf4 28. Nxa7 Bb8 29. Nxb5 h6 30. Re7 Ng4 31. d5 Nf6 32. b4 Kh7 33. d6 Kg6 34. Bb7 1-0